Представление документа в формате RUSMARC

ПолеНазваниеЗначение
  Тип записи a
  Библиографический уровень c
001 Контрольный номер SKBR/b5c50be2-4a36-4468-8bba-a88b993b6ab6
005 Дата корректировки 20231215113319.1
010 Индекс ISBN __
a ISBN 5-94529-023-8
b Уточнения в пер.
9 Тираж 1000 экз.
d Цена 300-00
035 Другие системные номера __
a Идентификатор записи RU/_/EK/176799
100 Данные общей обработки __
a Данные общей обработки 20090311d2009 d u0rusy028902 ca
101 Язык документа 0_
a Язык текста rus
102 Страна публикации __
a Страна публикации RU
105 Кодированные данные (монография) __
a Кодированные данные (монография) a z 000ay
181 Поле кодированных данных: вид содержания _0
a Код вида содержания (ISBD) i
182 Поле кодированных данных: тип средства _0
a Код типа средства (ISBD) n
200 Заглавие и сведения об ответственности 1_
a Заглавие Калоши счастья
e Сведения, относящиеся к заглавию повести и рассказы
f Первые сведения об ответственности Владимир Одноралов
g Последующие сведения об ответственности [иллюстрации Е. В. Наливкина]
203 Вид содержания и тип средства __
a Вид содержания Текст
c Тип средства непосредственный
210 Выходные данные 1_
a Место издания Оренбург
c Издательство Оренбургская книга
d Дата издания 2009
215 Физическое описание __
a Объем 184, [5] с.
c Иллюстрации/тип воспроизводства ил.
d Формат 27 см
330 Аннотация __
a Аннотация "Калоши счастья" - это название сборника известного оренбургского писателя Владимира Одноралова, куда вошли повести и рассказы, написанные в разные годы. Подобно калошам счастья из сказки Г. Х. Андерсена, эта книга переносит нас в Страну Детства, населенную твоими ровесниками, мальчишками и девчонками. И пусть действие книги происходит не сегодня, а в послевоенном Оренбурге, ты, читатель, оказавшись среди ее героев: Вовки, Миши, Ромки, Флюры, - сможешь вместе с ними дружить, радоваться, обижаться. Вместе вы будете искать пугачевский клад на Пороховушках, кататься на лыжах по берегу Урала и примирять изрядно потрепанные калоши счастья, забытые кем-то под осокорем. Герои книги помогут решить "недетские" вопросы: не стыдно ли это - дружить с девчонкой, как заслужить авторитет среди пацанов и как вырасти настоящим мужчиной, если у тебя нет отца? Можете не сомневаться - вы получите от автора самые правдивые ответы, так как Владимир Одноралов считает, что детям надо говорить только правду, а врущих детских писателей он предлагает перевести во взрослые, т. к. «взрослые привыкли к вранью, а дети - еще нет…».
464 Аналитический уровень _0
1 2001
a Рухляндия и ее окрестности
e повесть
464 Аналитический уровень _0
1 2001
a За грибным царем
e повесть
464 Аналитический уровень _0
1 2001
a Стрекоза и муравей
e рассказ
464 Аналитический уровень _0
1 2001
a Старший брат
e рассказ
464 Аналитический уровень _0
1 2001
a Субботник
e рассказ
464 Аналитический уровень _0
1 2001
a Кораблик
e рассказ
464 Аналитический уровень _0
1 2001
a Вовка, сивка, Егорка
e рассказ
464 Аналитический уровень _0
1 2001
a Как неслух Сашка пароход сломал
e рассказ
464 Аналитический уровень _0
1 2001
a Кто зиму боится
e рассказ
464 Аналитический уровень _0
1 2001
a Голубые, розовые зайцы
606 Тематические рубрики __
2 Код системы nlr_sh
a Основная рубрика Художественная литература
606 Тематические рубрики __
2 Код системы nlr_sh
a Основная рубрика Современная русская литература (произведения)
610 Ключевые слова 0_
a Ключевые слова детская литература
610 Ключевые слова 0_
a Ключевые слова рассказы
610 Ключевые слова 0_
a Ключевые слова рассказы для детей
610 Ключевые слова 0_
a Ключевые слова рассказы о детях
610 Ключевые слова 0_
a Ключевые слова повести
610 Ключевые слова 0_
a Ключевые слова сказки
610 Ключевые слова 0_
a Ключевые слова повести для детей
610 Ключевые слова 0_
a Ключевые слова тема мальчиков
610 Ключевые слова 0_
a Ключевые слова тема взросления
610 Ключевые слова 0_
a Ключевые слова тема первой любви
610 Ключевые слова 0_
a Ключевые слова тема детства
610 Ключевые слова 0_
a Ключевые слова послевоенное детство
610 Ключевые слова 0_
a Ключевые слова послевоенное время
610 Ключевые слова 0_
a Ключевые слова тема друзей
686 Индексы других классификаций __
2 Код системы rubbks
a Классификационный индекс ст84(2=411.2)6-4
700 Автор _1
a Фамилия Одноралов
b Имя В. И.
4 Код отношения 070
f Даты 1946-
g Полное личное имя Владимир Иванович
702 Вторичная интеллектуальная ответственность _1
a Фамилия Наливкина
f Даты 1974-
g Полное личное имя Елена Владимировна
4 Код отношения 440
801 Источник записи _0
b Организация Оренбургская ОУНБ им. Н.К. Крупской
a Страна RU
c Дата составления 20110302
g Правила каталогизации PSBO
852 Данные о местонахождении __
i Авторский знак О-43
j Шифр хранения ст84(2=411.2)6-4
900 Макрообъекты __
a Макрообъекты Калоши счастья. Одноралов, В.И., 2009
901 Тип документа __
a Ответственный ООФиК/Волкова
t Тип документа x
903 Характеристики (МАРС) __
a Дата передачи 20230427
c Наименование библиотеки (МАРС) Муниципальное бюджетное учреждение культуры "Централизованная библиотечная система" г. Сургут (Центральная городская библиотека им. А. С. Пушкина)
969 Тип издания __
a Тип издания издание для детей
990 Данные о заказе (DOS) __
j Количество экземпляров (DOS) 1
t N записи в КСУ для И/У (DOS) 202305